000 00402 a2200169 4500
001 73385
020 _a8526263102
040 _cAnchieta - Colégio São Paulo
100 _aGandini, Maria Soledad Más
240 1 0 _aHistória texto e contexto
_lpor
245 1 0 _aHistória texto e contexto
300 _a688
362 0 _a2007
440 1 _aScipione
650 4 _aHistória do mundo
942 _cBK
999 _c73385
_d73385